|
|
|
|
| LEADER |
01376nam a2200313 a 4500 |
| 001 |
3979 |
| 003 |
BD-DhAAL |
| 005 |
20150607093209.0 |
| 008 |
150607s1997 nyua b 001 0 eng |
| 010 |
|
|
|a 96012709
|
| 020 |
|
|
|a 0070214794 (alk. paper)
|
| 040 |
|
|
|a DLC
|c DLC
|d DLC
|d BD-DhAAL
|
| 050 |
0 |
0 |
|a BF121
|b .F337 1997
|
| 082 |
0 |
0 |
|a 150
|2 20
|
| 100 |
1 |
|
|a Feldman, Robert S.
|q (Robert Stephen),
|d 1947-
|9 11716
|
| 245 |
1 |
0 |
|a Essentials of understanding psychology /
|c Robert S. Feldman.
|
| 246 |
3 |
0 |
|a Understanding psychology
|
| 250 |
|
|
|a 3rd ed.
|
| 260 |
|
|
|a New York :
|b McGraw-Hill,
|c c1997.
|
| 300 |
|
|
|a xxviii, 574 p. :
|b ill. (some col.) ;
|c 28 cm.
|
| 500 |
|
|
|a Abridged ed. of: Understanding psychology. 4th ed. c1996.
|
| 504 |
|
|
|a Includes bibliographical references (p. 512-553) and indexes.
|
| 541 |
|
|
|e 3979
|
| 650 |
|
0 |
|a Psychology
|v Textbooks.
|9 10461
|
| 700 |
1 |
|
|a Feldman, Robert S.
|q (Robert Stephen),
|d 1947-
|t Understanding psychology.
|9 11717
|
| 942 |
|
|
|2 ddc
|c BK
|
| 999 |
|
|
|c 34620
|d 34620
|
| 952 |
|
|
|0 0
|1 0
|2 ddc
|4 0
|6 150_000000000000000_FEL
|7 0
|9 54062
|a SCL
|b SCL
|c GEN
|d 2015-06-07
|e Gift: The Asia Foundation
|l 3
|m 2
|o 150 FEL
|p 3020003979
|r 2023-08-26
|s 2023-07-31
|t 1
|w 2015-06-07
|y BK
|
| 952 |
|
|
|0 0
|1 0
|2 ddc
|4 0
|6 150_000000000000000_FEL
|7 0
|9 55214
|a SCL
|b SCL
|c GEN
|d 2015-08-13
|e Gift: The Asia Foundation
|l 1
|m 1
|o 150 FEL
|p 3020003959
|r 2018-02-19
|s 2018-01-20
|t 2
|w 2015-08-13
|y BK
|